Every Town of Salem 2 Role - Statistics

General Stats
  • This quiz has been taken 807 times
    102 since last reset
  • The average score is 51 of 60
Answer Stats
Alignment Subcategory Role % Correct
Town Protective Bodyguard
94%
Coven Power Coven Leader
94%
Town Investigative Investigator
94%
Town Power Mayor
94%
Neutral Killing Serial Killer
94%
Town Power Jailor
92%
Neutral Killing Arsonist
91%
Neutral Apocalypse Baker
91%
Neutral Evil Jester
91%
Town Investigative Sheriff
91%
Town Killing Veteran
91%
Town Killing Vigilante
91%
Neutral Killing Werewolf
91%
Neutral Apocalypse Berserker
89%
Town Protective Cleric
89%
Neutral Evil Executioner
89%
Neutral Apocalypse Famine
89%
Town Power Monarch
89%
Neutral Apocalypse Pestilence
89%
Neutral Evil Pirate
89%
Neutral Killing Shroud
89%
Neutral Apocalypse War
89%
Neutral Apocalypse Death
88%
Neutral Apocalypse Plaguebearer
88%
Town Support Retributionist
88%
Town Investigative Seer
88%
Neutral Apocalypse Soul Collector
88%
Coven Power Witch
88%
Coven Killing Conjurer
86%
Town Protective Crusader
86%
Town Power Prosecutor
86%
Town Investigative Psychic
86%
Town Investigative Spy
86%
Town Protective Trapper
86%
Town Support Amnesiac
85%
Neutral Evil Doomsayer
85%
Coven Killing Jinx
85%
Town Investigative Lookout
85%
Town Power Marshal
85%
Town Support Tavern Keeper
85%
Town Killing Deputy
83%
Coven Deception Enchanter
83%
Coven Deception Medusa
83%
Town Killing Trickster
83%
Coven Deception Illusionist
82%
Coven Utility Potion Master
82%
Town Support Socialite
82%
Town Investigative Tracker
82%
Special N/A Vampire
82%
Coven Utility Wildling
82%
Town Investigative Coroner
80%
Coven Utility Poisoner
80%
Coven Killing Ritualist
80%
Coven Utility Voodoo Master
80%
Town Support Admirer
78%
Coven Power Hex Master
77%
Town Protective Oracle
77%
Coven Utility Necromancer
75%
Coven Deception Dreamweaver
74%
Special N/A Cursed Soul
68%
No matching quizzes found
Score Distribution
Percent of People with Each Score
Percentile by Number Answered
Your Score History
You have not taken this quiz since the last reset